Pair these EDM songs with the correct artist! - Statistics

General Stats
  • This quiz has been taken 65 times
  • The average score is 28 of 50
Answer Stats
Hint Answer % Correct
Levels Avicii
95%
Wake Me Up Avicii
95%
Let's Go (feat. NeYo) Calvin Harris
91%
Summer Calvin Harris
91%
Feel So Close Calvin Harris
91%
Paris The Chainsmokers
91%
Something Just Like This (with Coldplay) The Chainsmokers
91%
Flames (feat. Sia) David Guetta
88%
2U (feat. Justin Bieber) David Guetta
88%
Titanium (feat. Sia) David Guetta
88%
Happier (with Bastille) Marshmello
86%
Silence (feat. Khalid) Marshmello
86%
Wolves (feat. Selena Gomez) Marshmello
86%
Clarity (feat. Foxes) Zedd
86%
The Middle (feat. Maren Morris and Grey) Zedd
86%
Stay the Night (feat. Hayley Williams) Zedd
86%
In the Name of Love (with Bebe Rexha) Martin Garrix
84%
Animals Martin Garrix
84%
Bangarang (feat. Sirah) Skrillex
84%
Purple Lamborghini (feat. Rick Ross) Skrillex
84%
Runaway (You and I) Galantis
75%
No Money Galantis
75%
Red Lights Tiesto
75%
Heroes (We Could Be) (Feat. Tove Lo) Alesso
73%
Let Me Go (with Hailee Steinfeld X Florida Georgia Line X Watt) Alesso
73%
Leon On (with Major Lazer feat. Mo) DJ Snake
71%
Get Low (with Dillon Francis) DJ Snake
71%
You Know You Like It (with AlunaGeorge) DJ Snake
71%
Closer (feat. Halsey) Chainsmokers
64%
I Could Be the One (with Avicii) Nicky Romero
48%
Raise Your Weapon (Feat. Greta Svabo Bech) Deadmau5
39%
The Veldt (feat. Chris James) Deadmau5
39%
I Remember (with Deadmau5) Kaskade
29%
Lullaby (with Mike Williams) R3hab
29%
Alive Krewella
27%
Live For the Night Krewella
27%
Higher Place (feat. Ne yo) Dimitri Vegas and Like Mike
23%
Feel Good (feat. Daya) Illenium
23%
Till It Hurts (feat. Ayden) Yellow Claw
16%
You're Gonna Love Again Nervo
14%
Like Home (with Nicky Romero) Nervo
14%
Church Alison Wonderland
11%
Something Real Alison Wonderland
11%
Body Back Gryffin
11%
Apollo Charlotte De Witte
5%
Doppler Charlotte De Witte
5%
All You Need to Know (feat. Gryffin & Calle Lehmann) Slander
5%
Beneath It All (Feat. Dia Frampton) Jason Ross
4%
In Silence Amelie Lens
2%
Come With Me Nora En Pure
2%
No matching quizzes found
Score Distribution
Percent of People with Each Score
Percentile by Number Answered
Your Score History
You have not taken this quiz